[Event "Pereira Fiestas de la Cosecha op"]
[Site "Pereira"]
[Date "2023.08.25"]
[Round "2"]
[White "Cortes Castro, Jhonny"]
[Black "Torres Loaiza, Ricardo Julian"]
[Result "1-0"]
[WhiteElo "1837"]
[BlackElo "1334"]
[PlyCount "71"]
[EventDate "2023.08.24"]
[EventType "swiss"]
[EventRounds "7"]
[EventCountry "COL"]
[SourceTitle "EXT 2024"]
[Source "ChessBase"]
[SourceDate "2023.10.10"]
[SourceVersion "1"]
[SourceVersionDate "2023.10.10"]
[SourceQuality "1"]

1. e4 e6 2. f4 g6 3. Nf3 Bg7 4. d4 d5 5. e5 c6 6. Be3 Qb6 7. b3 Ne7 8. Bf2 h5 9. g3 Nf5 10. h3 Bd7 11. Rg1 a5 12. g4 Ne7 13. a3 Na6 14. Nc3 f6 15. Qd2 fxe5 16. Nxe5 Bxe5 17. fxe5 Rf8 18. Na4 Qc7 19. c3 c5 20. Nb2 cxd4 21. cxd4 Rc8 22. Bxa6 bxa6 23. Nd3 Bb5 24. Nc5 Qb6 25. gxh5 gxh5 26. Qh6 Rf5 27. Nxe6 Kd7 28. Nc5+ Kc7 29. Qh7 Re8 30. Rg7 Kd8 31. Rxe7 Rxf2 32. Rxe8+ Bxe8 33. Kxf2 a4 34. Rc1 axb3 35. Ne6+ Qxe6 36. Qc7# 1-0

[Event "Cali Valle Colombia op-B"]
[Site "Cali Valle Colombia"]
[Date "2022.12.29"]
[Round "6"]
[White "Hernandez Jimenez, Xavi"]
[Black "Cortes Castro, Jhonny"]
[Result "0-1"]
[WhiteElo "1678"]
[BlackElo "1954"]
[PlyCount "62"]
[EventDate "2022.12.26"]
[EventType "swiss"]
[EventRounds "8"]
[EventCountry "COL"]
[SourceTitle "CBM 211 Extra"]
[Source "ChessBase"]
[SourceDate "2023.01.31"]
[SourceVersion "1"]
[SourceVersionDate "2023.01.31"]
[SourceQuality "1"]

1. e4 c6 2. d4 d5 3. Nc3 dxe4 4. Nxe4 Bf5 5. Ng3 Bg6 6. Nf3 Nf6 7. h4 h6 8. Ne5 Bh7 9. Bc4 e6 10. Qe2 Nd5 11. Be3 Nd7 12. 0-0-0 Nxe5 13. dxe5 Qc7 14. Rhe1 Be7 15. Nh5 Qxe5 16. Bxd5 cxd5 17. Qb5+ Kf8 18. Nf4 Qc7 19. Rd2 a6 20. Qb3 Rc8 21. g3 b5 22. Bd4 Qc4 23. Nxe6+ fxe6 24. Qf3+ Ke8 25. Qh5+ Kd7 26. Qf7 Bf5 27. b3 Qb4 28. Bxg7 Rxc2+ 29. Rxc2 Qxe1+ 30. Kb2 Bxc2 31. Bxh8 Bf5 0-1

[Event "Palmira op-B"]
[Site "Palmira"]
[Date "2022.12.14"]
[Round "1"]
[White "Cortes Castro, Jhonny"]
[Black "Montoya Altamirano, Juan Pablo"]
[Result "1-0"]
[WhiteElo "1954"]
[BlackElo "1151"]
[PlyCount "63"]
[EventDate "2022.12.14"]
[EventType "swiss"]
[EventRounds "8"]
[EventCountry "COL"]
[SourceTitle "CBM 211 Extra"]
[Source "ChessBase"]
[SourceDate "2023.01.31"]
[SourceVersion "1"]
[SourceVersionDate "2023.01.31"]
[SourceQuality "1"]

1. e4 e6 2. f4 d5 3. e5 c5 4. Nf3 Nc6 5. d4 Qb6 6. Bd3 Bd7 7. a3 a5 8. b3 cxd4 9. 0-0 Nge7 10. Re1 Nf5 11. Qe2 Bc5 12. Kh1 0-0 13. g4 Ne3 14. Rg1 f6 15. Qf2 fxe5 16. Bxh7+ Kxh7 17. Qh4+ Kg6 18. Ng5 Rh8 19. Nh7 Kf7 20. Qh5+ g6 21. Qh6 Qd8 22. Bxe3 dxe3 23. fxe5 e2 24. Nc3 Qg8 25. Qf4+ Ke7 26. Qg5+ Kf7 27. Rgf1+ exf1Q+ 28. Rxf1+ Kg7 29. Qf6+ Kxh7 30. Qh4+ Kg7 31. Qf6+ Kh6 32. Rf3 1-0

[Event "Jamundi Valle Avanza op-B"]
[Site "Jamundi"]
[Date "2022.12.10"]
[Round "6"]
[White "Rodriguez, Juan Gabriel"]
[Black "Cortes Castro, Jhonny"]
[Result "0-1"]
[WhiteElo "1665"]
[BlackElo "1954"]
[PlyCount "166"]
[EventDate "2022.12.08"]
[EventType "swiss"]
[EventRounds "7"]
[EventCountry "COL"]
[SourceTitle "EXT 2024"]
[Source "ChessBase"]
[SourceDate "2023.10.10"]
[SourceVersion "1"]
[SourceVersionDate "2023.10.10"]
[SourceQuality "1"]

1. e4 e5 2. Nf3 Nc6 3. d4 exd4 4. Bc4 Bb4+ 5. c3 dxc3 6. bxc3 Ba5 7. Qb3 Qe7 8. 0-0 h6 9. Ba3 Qf6 10. e5 Qg6 11. Nbd2 Nge7 12. Rfe1 Bb6 13. Rad1 0-0 14. Qb1 Qxb1 15. Rxb1 Re8 16. Ne4 Ng6 17. Nc5 Ncxe5 18. Nxe5 Rxe5 19. Nd3 d6 20. Nxe5 Nxe5 21. Bd5 Be6 22. Bxb7 Rb8 23. Be4 Bxa2 24. Rb2 Be6 25. Rbe2 Bg4 26. Rc2 Be6 27. h3 f5 28. Bf3 Nxf3+ 29. gxf3 Bd5 30. Kg2 Bc4 31. Bc1 Kf7 32. h4 a5 33. Be3 a4 34. Ra1 Bb3 35. Rcc1 d5 36. Bf4 Re8 37. Kf1 Bc4+ 38. Kg2 Re2 39. Rf1 Bb3 40. Rae1 Rxe1 41. Rxe1 a3 42. Bc1 a2 43. Bb2 Bc4 44. f4 Bc5 45. Kf3 Bd3 46. Rd1 Bc2 47. Rd2 Ba3 48. Ba1 Bb1 49. Ke2 c6 50. Rd4 Bc2 51. Rd2 Bb3 52. Kf3 Be7 53. Rb2 Bc4 54. Rb7 Ke6 55. h5 Bf6 56. Ke3 c5 57. Ra7 Kd6 58. Ra4 Kc6 59. Ra7 Kb6 60. Ra4 Kb5 61. Ra3 d4+ 62. Kd2 d3 63. Ra7 Kb6 64. Rd7 Kc6 65. Rxd3 Bxd3 66. Kxd3 Be7 67. Kc4 Bd6 68. Kb3 Bxf4 69. c4 Kd6 70. Bxg7 Be5 71. Bf8+ Ke6 72. Kxa2 Bd4 73. Bxh6 Bxf2 74. Bf4 Bd4 75. Ka3 Be5 76. Be3 Bd6 77. Bg5 f4 78. Kb3 Kf5 79. Bd8 f3 80. Bh4 Kg4 81. Bf2 Kxh5 82. Kc2 Bg3 83. Bxg3 f2 0-1

[Event "Eje Cafetero Region 3rd"]
[Site "Eje Cafetero"]
[Date "2009.03.22"]
[Round "5.25"]
[White "Raigosa, Andrea"]
[Black "Cortes Castro, Jhonny"]
[Result "0-1"]
[WhiteElo "1600"]
[BlackElo "1687"]
[PlyCount "22"]
[EventDate "2009.03.21"]
[EventType "swiss"]
[EventRounds "7"]
[EventCountry "COL"]
[SourceTitle "EXT 2024"]
[Source "ChessBase"]
[SourceDate "2023.10.10"]
[SourceVersion "1"]
[SourceVersionDate "2023.10.10"]
[SourceQuality "1"]

1. d4 Nf6 2. c4 g6 3. Nc3 b5 4. Nf3 c6 5. e3 bxc4 6. Bxc4 d6 7. Qc2 Qc7 8. h3 e5 9. dxe5 dxe5 10. 0-0 Bc5 11. Rd1 0-0 0-1

[Event "Eje Cafetero Region 3rd"]
[Site "Eje Cafetero"]
[Date "2009.03.21"]
[Round "2.21"]
[White "Cortes Castro, Jhonny"]
[Black "Guarin, Holmes"]
[Result "1-0"]
[WhiteElo "1687"]
[BlackElo "1701"]
[PlyCount "35"]
[EventDate "2009.03.21"]
[EventType "swiss"]
[EventRounds "7"]
[EventCountry "COL"]
[SourceTitle "EXT 2024"]
[Source "ChessBase"]
[SourceDate "2023.10.10"]
[SourceVersion "1"]
[SourceVersionDate "2023.10.10"]
[SourceQuality "1"]

1. e4 c5 2. Nf3 d6 3. d4 cxd4 4. Nxd4 Nc6 5. Bb5 Bd7 6. Bxc6 Bxc6 7. Bg5 Qa5+ 8. c3 h5 9. Bh4 Rd8 10. 0-0 e5 11. Nf5 Ne7 12. Na3 Qc5 13. b3 a6 14. Nc4 g6 15. Nfxd6+ Qxd6 16. Qxd6 Rxd6 17. Nxd6+ Kd7 18. Nxf7 1-0